01201 a2200205 4500003000500000005001700005010001600022020001500038040000900053082001800062100002500080245005900105250001400164260003100178300003500209505053800244650003400782856008900816856009000905Nust20221124165156.0 a 80013937 a0471801828 cNust00a621.38132,SMI1 aSmith, Ralph Judson.10aElectronics :bcircuits and devices /cRalph J. Smith. a2nd ed. / aNew York :bWiley,cc1980. axiii, 494 p. :bill. ;c24 cm. aElectrical Quantities (Page-1), Circuit Principles (Page-27), Signal Waveforms (Page-59), Physical Electronics (Page-97), Semiconductor Diodes (Page-129), Transistors and Integrated Circuits (Page-151), Diode Applications (Page-171), Digital Devices (Page-201), Logic Circuits (Page-223), Alternating Current Circuits (Page-243), Audio frequency Power Amplifiers (Page-277), Small Signal Models (Page-307), Small Signal Amplifiers (Page-335), Feedback Amplifiers (Page-357), Operational Amplifiers (Page-381), Instruments (Page-413). 0aTelecommunication engineering423Publisher descriptionuhttp://www.loc.gov/catdir/enhancements/fy0607/80013937-d.html423Table of contents onlyuhttp://www.loc.gov/catdir/enhancements/fy0607/80013937-t.html